[Event "CAN-ch"]
[Site "Kingston CAN"]
[Date "2019.04.22"]
[Round "9.8"]
[White "Noritsyn, Sergey"]
[Black "Vettese, Nicholas"]
[Result "1-0"]
[WhiteElo "2159"]
[BlackElo "2323"]
[PlyCount "133"]
[GameId "2160767907959583"]
[EventDate "2019.04.18"]
[EventType "swiss"]
[EventRounds "9"]
[EventCountry "CAN"]
[SourceTitle "hb 2019"]

1. e4 Nf6 2. e5 Nd5 3. d4 d6 4. Nf3 Bg4 5. exd6 exd6 6. Be2 Be7 7. O-O O-O 8. c4 Nb6 9. Nc3 Nc6 10. b3 Bf6 11. Be3 d5 12. c5 Nc8 13. h3 Be6 14. Rc1 h5 15. Bd3 g6 16. Ne2 N8e7 17. Ng5 Bf5 18. Bb5 Bd7 19. Bxc6 Nxc6 20. h4 Bg7 21. Ng3 Qf6 22. Qd3 Rfe8 23. Rcd1 Ne7 24. Qd2 Nf5 25. Nxf5 Bxf5 26. Bf4 Qc6 27. Rde1 f6 28. Nf3 Be4 29. Nh2 b6 30. Rc1 b5 31. Qa5 Rec8 32. f3 Bf5 33. Rfe1 Bf8 34. Nf1 Bd7 35. Ng3 Kf7 36. Nh1 Qb7 37. Nf2 c6 38. Qd2 Re8 39. Bd6 Bg7 40. Qf4 Rxe1+ 41. Rxe1 Re8 42. Rxe8 Bxe8 43. g4 Qd7 44. Nd3 Qe6 45. g5 Qf5 46. Qxf5 gxf5 47. g6+ Kxg6 48. f4 Kf7 49. Bb8 a6 50. Nb4 a5 51. Nd3 Bf8 52. Bc7 a4 53. bxa4 bxa4 54. a3 Ke6 55. Kf2 Be7 56. Nb2 Kd7 57. Bb6 Kc8 58. Nxa4 Bd7 59. Nc3 Kb7 60. Na2 Ka6 61. a4 Be8 62. Ke3 Bf8 63. Nb4+ Kb7 64. Bd8 Bg7 65. a5 Bd7 66. a6+ Ka7 67. Bb6+ 1-0

[Event "Aurora Spring op"]
[Site "Newmarket CAN"]
[Date "2019.03.30"]
[Round "1.2"]
[White "Kang, Dorian"]
[Black "Vettese, Nicholas"]
[Result "1/2-1/2"]
[WhiteElo "2217"]
[BlackElo "2451"]
[PlyCount "87"]
[GameId "2160767907968321"]
[EventDate "2019.03.30"]
[EventType "swiss"]
[EventRounds "5"]
[EventCountry "CAN"]
[SourceTitle "EXT 2022"]
[Source "ChessBase"]
[SourceDate "2021.10.06"]
[SourceVersion "1"]
[SourceVersionDate "2021.10.06"]
[SourceQuality "1"]

1. e4 Nf6 2. e5 Nd5 3. c4 Nb6 4. d4 d6 5. exd6 exd6 6. Nc3 Nc6 7. Be3 Be7 8. h3 O-O 9. Nf3 Bf6 10. Bd3 Nb4 11. O-O Nxd3 12. Qxd3 d5 13. c5 Nc4 14. Bf4 g6 15. Bxc7 Qd7 16. Be5 Be7 17. b3 Na3 18. Bf4 Qd8 19. Qe2 Be6 20. Bc1 Qa5 21. Nxd5 Bxd5 22. Qxe7 Rfe8 23. Qf6 Re6 24. Qf4 Bxf3 25. Bxa3 Bd5 26. Bc1 Qc3 27. Be3 Qd3 28. Rfd1 Qe4 29. Qxe4 Rxe4 30. Re1 Rae8 31. Bd2 Rxe1+ 32. Rxe1 Rxe1+ 33. Bxe1 f5 34. f3 Kf7 35. Bg3 a5 36. Be5 h5 37. Kf2 a4 38. bxa4 Bxa2 39. Ke3 Bb3 40. Kd3 Bxa4 41. d5 Bb5+ 42. Ke3 Bf1 43. Kf2 Bc4 44. d6 1/2-1/2

[Event "Aurora Spring op"]
[Site "Newmarket CAN"]
[Date "2019.03.30"]
[Round "2.4"]
[White "Vettese, Nicholas"]
[Black "Li, William"]
[Result "0-1"]
[WhiteElo "2451"]
[BlackElo "2277"]
[PlyCount "64"]
[GameId "2160767907968330"]
[EventDate "2019.03.30"]
[EventType "swiss"]
[EventRounds "5"]
[EventCountry "CAN"]
[SourceTitle "EXT 2022"]
[Source "ChessBase"]
[SourceDate "2021.10.06"]
[SourceVersion "1"]
[SourceVersionDate "2021.10.06"]
[SourceQuality "1"]

1. e4 c5 2. Nf3 d6 3. d4 cxd4 4. Nxd4 Nf6 5. Nc3 a6 6. Nb3 e6 7. g4 h6 8. h4 Nc6 9. Bg2 Ne5 10. g5 hxg5 11. hxg5 Rxh1+ 12. Bxh1 Nfd7 13. Qe2 Qc7 14. f4 Nc4 15. a4 g6 16. Nd2 Nxd2 17. Bxd2 Bg7 18. O-O-O Nb6 19. f5 Be5 20. fxg6 fxg6 21. Bf3 Bd7 22. Rh1 Nc4 23. Be1 Rc8 24. Nd1 b6 25. Bc3 Bxc3 26. bxc3 Qc5 27. Rh8+ Ke7 28. Rxc8 Bxc8 29. Qg2 e5 30. Kb1 Qa3 31. Qf2 Be6 32. Bg4 Nd2+ 0-1

[Event "Aurora Spring op"]
[Site "Newmarket CAN"]
[Date "2019.03.31"]
[Round "4.5"]
[White "Oganesyan, Hayk"]
[Black "Vettese, Nicholas"]
[Result "0-1"]
[WhiteElo "2190"]
[BlackElo "2451"]
[PlyCount "88"]
[GameId "2160767907968343"]
[EventDate "2019.03.30"]
[EventType "swiss"]
[EventRounds "5"]
[EventCountry "CAN"]
[SourceTitle "EXT 2022"]
[Source "ChessBase"]
[SourceDate "2021.10.06"]
[SourceVersion "1"]
[SourceVersionDate "2021.10.06"]
[SourceQuality "1"]

1. e4 Nf6 2. e5 Nd5 3. Nc3 e6 4. Nxd5 exd5 5. d4 d6 6. Nf3 Nc6 7. Bf4 Bg4 8. Be2 Be7 9. exd6 Bxd6 10. Bxd6 Qxd6 11. c3 f6 12. O-O O-O-O 13. b4 g5 14. a4 Ne7 15. a5 Ng6 16. Nd2 Bf5 17. Bg4 Qd7 18. Bxf5 Qxf5 19. a6 b6 20. Qf3 Qf4 21. Qxf4 Nxf4 22. Rfe1 Rhe8 23. Kf1 Kd7 24. Re3 Re6 25. Rae1 Rde8 26. Rxe6 Rxe6 27. Rxe6 Nxe6 28. Ke2 Kc6 29. Nf1 Kb5 30. Ne3 c6 31. Ng4 Nf4+ 32. Kd2 Nh5 33. g3 Kxa6 34. Kc2 Kb7 35. Kb3 Kc7 36. Ne3 Ng7 37. Ng4 Ne8 38. f4 gxf4 39. gxf4 Kd8 40. f5 Ke7 41. Ne3 Nd6 42. Ka4 Kf8 43. h4 a6 44. h5 Kg7 0-1

[Event "Aurora Spring op"]
[Site "Newmarket CAN"]
[Date "2019.03.31"]
[Round "5.1"]
[White "Vettese, Nicholas"]
[Black "Noritsyn, Nikolay"]
[Result "0-1"]
[WhiteElo "2451"]
[BlackElo "2603"]
[PlyCount "64"]
[GameId "2160767907968346"]
[EventDate "2019.03.30"]
[EventType "swiss"]
[EventRounds "5"]
[EventCountry "CAN"]
[SourceTitle "EXT 2022"]
[Source "ChessBase"]
[SourceDate "2021.10.06"]
[SourceVersion "1"]
[SourceVersionDate "2021.10.06"]
[SourceQuality "1"]

1. e4 Nf6 2. e5 Nd5 3. c4 Nb6 4. d4 d6 5. f4 g6 6. Be3 dxe5 7. fxe5 c5 8. d5 Bg7 9. Nc3 O-O 10. Bf4 e6 11. d6 Nc6 12. Nf3 Nd7 13. Qe2 Nd4 14. Nxd4 cxd4 15. Nb5 Qa5+ 16. Bd2 Qb6 17. Bf4 d3 18. Qe4 a6 19. Be3 Nc5 20. Qd4 axb5 21. Qxc5 Qxc5 22. Bxc5 bxc4 23. Bd4 b5 24. b3 f6 25. a4 fxe5 26. axb5 Bd7 27. Bc3 Rxa1+ 28. Bxa1 Bxb5 29. bxc4 Bxc4 30. Kd2 e4 31. Bxg7 Kxg7 32. Ke3 Rd8 0-1

[Event "Mississauga Spring op"]
[Site "Mississauga CAN"]
[Date "2019.03.22"]
[Round "1.2"]
[White "Feng, Richard"]
[Black "Vettese, Nicholas"]
[Result "1/2-1/2"]
[WhiteElo "2085"]
[BlackElo "2454"]
[PlyCount "111"]
[GameId "2160767907968453"]
[EventDate "2019.03.22"]
[EventType "swiss"]
[EventRounds "5"]
[EventCountry "CAN"]
[SourceTitle "hb 2019"]

1. e4 c5 2. Nf3 d6 3. d4 cxd4 4. Nxd4 Nf6 5. Nc3 a6 6. Bc4 e6 7. Bb3 b5 8. O-O Qc7 9. Qf3 Nbd7 10. Qg3 b4 11. Na4 Nxe4 12. Qf4 Ndf6 13. Re1 Qb7 14. f3 e5 15. Qe3 Qa7 16. Nc6 Qc7 17. Nb6 d5 18. fxe4 Ng4 19. Nxa8 Qxc6 20. Bxd5 Qxc2 21. Qf3 Bc5+ 22. Be3 O-O 23. Bb3 Bxe3+ 24. Rxe3 Qc5 25. Rae1 Bd7 26. Bd5 Nf6 27. Kh1 Nxd5 28. exd5 f6 29. d6 Bc6 30. Qf5 Rxa8 31. Qe6+ Kh8 32. Rg3 Qd5 33. Qe7 Rg8 34. h3 h6 35. Kh2 Qxa2 36. Rf1 Qd5 37. Rg6 Be8 38. Rg4 Bc6 39. Rg6 Be8 40. Rg3 Bc6 41. Rf5 a5 42. Rh5 Kh7 43. Rf5 Kh8 44. Rh5 Kh7 45. Rf5 Kh8 46. Rg6 Be8 47. Rg3 Bc6 48. Rh5 Kh7 49. Rf5 Kh8 50. Rh5 Kh7 51. Rf5 Kh8 52. Rff3 e4 53. Rf4 e3 54. Rh4 Kh7 55. Qxe3 Qxd6 56. Rd4 1/2-1/2

[Event "Mississauga Spring op"]
[Site "Mississauga CAN"]
[Date "2019.03.23"]
[Round "2.5"]
[White "Vettese, Nicholas"]
[Black "Surya, Benito"]
[Result "1-0"]
[WhiteElo "2454"]
[BlackElo "2113"]
[PlyCount "51"]
[GameId "2160767907968466"]
[EventDate "2019.03.22"]
[EventType "swiss"]
[EventRounds "5"]
[EventCountry "CAN"]
[SourceTitle "hb 2019"]

1. e4 d5 2. exd5 Qxd5 3. Nc3 Qa5 4. d4 Nf6 5. Bc4 Nc6 6. d5 Ne5 7. Bb3 Bf5 8. Qe2 Ned7 9. Nf3 Ne4 10. O-O Nxc3 11. bxc3 Qxc3 12. Be3 Bg4 13. h3 Bh5 14. g4 Bg6 15. Nd4 a6 16. Ba4 Be4 17. Ne6 Bxd5 18. Bd2 Qa3 19. Nxc7+ Kd8 20. Nxd5 Qxa4 21. Rab1 e6 22. Nb6 Nxb6 23. Rxb6 Kc7 24. Rfb1 Ra7 25. Qe5+ Kc8 26. Bf4 1-0

[Event "Mississauga Spring op"]
[Site "Mississauga CAN"]
[Date "2019.03.24"]
[Round "4.4"]
[White "Ahmed, Syed Ibrahim"]
[Black "Vettese, Nicholas"]
[Result "0-1"]
[WhiteElo "2037"]
[BlackElo "2454"]
[PlyCount "112"]
[GameId "2160767907968485"]
[EventDate "2019.03.22"]
[EventType "swiss"]
[EventRounds "5"]
[EventCountry "CAN"]
[SourceTitle "hb 2019"]

1. e4 Nf6 2. e5 Nd5 3. d4 d6 4. c4 Nb6 5. exd6 exd6 6. Nc3 Be7 7. Bd3 Nc6 8. Be3 O-O 9. a3 d5 10. cxd5 Na5 11. Qf3 Nac4 12. Qe2 Nxe3 13. fxe3 f5 14. Nf3 Kh8 15. Ne5 Nxd5 16. Nxd5 Qxd5 17. Bc4 Qa5+ 18. b4 Bxb4+ 19. Kf2 Bd6 20. Nf7+ Rxf7 21. Bxf7 Bd7 22. Bh5 c5 23. Rhd1 f4 24. exf4 cxd4 25. g3 Qc5 26. Bf3 d3+ 27. Qe3 Qc2+ 28. Qd2 Bc5+ 29. Kg2 Ba4 30. Kh1 Rd8 31. Rac1 Qxd2 32. Rxd2 b6 33. Rc3 Bb5 34. Be4 Re8 35. a4 Bxa4 36. Rxc5 bxc5 37. Bxd3 Bb3 38. Bc2 c4 39. Kg2 c3 40. Rf2 Bd5+ 41. Kf1 Bc4+ 42. Kg2 Rb8 43. Kf3 Rb2 44. Ke3 g6 45. Kd4 Bb3 46. Kxc3 Rxc2+ 47. Rxc2 Bxc2 48. Kxc2 Kg7 49. Kc3 h5 50. h3 Kf6 51. Kc4 Kf5 52. Kd5 h4 53. gxh4 Kxf4 54. Ke6 Kg3 55. Kf6 Kxh4 56. Kxg6 a5 0-1

[Event "Mississauga Spring op"]
[Site "Mississauga CAN"]
[Date "2019.03.24"]
[Round "5.2"]
[White "Vettese, Nicholas"]
[Black "Talukdar, Rohan"]
[Result "1/2-1/2"]
[WhiteElo "2454"]
[BlackElo "2461"]
[PlyCount "93"]
[GameId "2160767907968493"]
[EventDate "2019.03.22"]
[EventType "swiss"]
[EventRounds "5"]
[EventCountry "CAN"]
[SourceTitle "EXT 2022"]
[Source "ChessBase"]
[SourceDate "2021.10.06"]
[SourceVersion "1"]
[SourceVersionDate "2021.10.06"]
[SourceQuality "1"]

1. e4 g6 2. d4 Bg7 3. Nc3 c6 4. e5 d6 5. Bf4 dxe5 6. dxe5 Qa5 7. Qe2 Be6 8. O-O-O Nd7 9. Nf3 Bxa2 10. Nd4 Nb6 11. Ndb5 cxb5 12. Qxb5+ Qxb5 13. Bxb5+ Kf8 14. Nxa2 Bh6 15. Bd2 Bxd2+ 16. Rxd2 Nh6 17. Be2 Kg7 18. f4 Rhc8 19. Bf3 Rc7 20. b3 a5 21. Kb2 Rac8 22. Rhd1 Nf5 23. Re1 e6 24. Be4 Ne7 25. g3 h5 26. Rd6 Nd7 27. c4 Nc5 28. Nc3 Nf5 29. Bxf5 gxf5 30. Ra1 a4 31. Nxa4 Ne4 32. Rd4 b5 33. Nc3 bxc4 34. Nxe4 fxe4 35. b4 c3+ 36. Kc2 e3 37. Rd3 e2 38. Re3 Rc4 39. Ra4 Rb8 40. Rxe2 Rcxb4 41. Rxb4 Rxb4 42. Kxc3 Ra4 43. Kd3 Ra3+ 44. Ke4 Kg6 45. Rg2 Ra4+ 46. Kf3 Ra3+ 47. Kf2 1/2-1/2

[Event "Oakville Winter op"]
[Site "Oakville CAN"]
[Date "2019.01.25"]
[Round "1.3"]
[White "Aniunoh, Chike Jude"]
[Black "Vettese, Nicholas"]
[Result "0-1"]
[WhiteElo "2188"]
[BlackElo "2444"]
[PlyCount "74"]
[GameId "2160767907969118"]
[EventDate "2019.01.25"]
[EventType "swiss"]
[EventRounds "5"]
[EventCountry "CAN"]
[SourceTitle "EXT 2022"]
[Source "ChessBase"]
[SourceDate "2021.10.06"]
[SourceVersion "1"]
[SourceVersionDate "2021.10.06"]
[SourceQuality "1"]

1. e4 c5 2. Nc3 a6 3. g3 Nc6 4. Bg2 e6 5. d3 Nf6 6. Nge2 Be7 7. O-O O-O 8. h3 d5 9. exd5 exd5 10. d4 Bf5 11. Be3 Qd7 12. g4 Bg6 13. dxc5 Rad8 14. g5 Ne8 15. Nxd5 Nc7 16. c4 Ne6 17. Nxe7+ Qxe7 18. Qb3 Bd3 19. Rfe1 Bxe2 20. Rxe2 Ned4 21. Bxd4 Qxe2 22. Be3 Rd7 23. Bd5 Ne5 24. Bd4 Rxd5 25. cxd5 Nf3+ 26. Kg2 Nxd4 27. Qc3 Qe4+ 28. f3 Qe2+ 29. Kg3 Nf5+ 30. Kf4 g6 31. Qe5 Qd2+ 32. Kg4 h5+ 33. gxh6 Nxh6+ 34. Kg3 Nf5+ 35. Kg4 Qg2+ 36. Kf4 g5+ 37. Ke4 Qc2# 0-1

[Event "Oakville Winter op"]
[Site "Oakville CAN"]
[Date "2019.01.26"]
[Round "2.2"]
[White "Vettese, Nicholas"]
[Black "Hua, Eugene"]
[Result "1-0"]
[WhiteElo "2444"]
[BlackElo "2433"]
[PlyCount "91"]
[GameId "2160767907969122"]
[EventDate "2019.01.25"]
[EventType "swiss"]
[EventRounds "5"]
[EventCountry "CAN"]
[SourceTitle "EXT 2022"]
[Source "ChessBase"]
[SourceDate "2021.10.06"]
[SourceVersion "1"]
[SourceVersionDate "2021.10.06"]
[SourceQuality "1"]

1. e4 c5 2. Nf3 d6 3. d4 cxd4 4. Nxd4 Nf6 5. Nc3 Nc6 6. Bg5 e6 7. Qd2 a6 8. f3 h6 9. Be3 Bd7 10. O-O-O b5 11. g4 Ne5 12. a3 Rc8 13. h4 Qa5 14. Nb3 Qc7 15. Qf2 Bc6 16. Nd4 Bd7 17. Be2 d5 18. g5 Bxa3 19. Bd2 b4 20. Nb1 Ba4 21. Nxa3 bxa3 22. b3 Bxb3 23. Bxa6 Bxc2 24. Ba5 Qb8 25. gxf6 Qb2+ 26. Kd2 Bxd1+ 27. Ke3 Rc3+ 28. Bxc3 Qxc3+ 29. Kf4 g5+ 30. Kg3 gxh4+ 31. Kxh4 Qxd4 32. Qxd4 Nxf3+ 33. Kh5 Nxd4+ 34. Rxd1 Nb3 35. exd5 a2 36. Bb5+ Kd8 37. dxe6+ Kc7 38. exf7 a1=Q 39. Rxa1 Nxa1 40. Kg6 Nb3 41. Kg7 Rb8 42. f8=Q Rxf8 43. Kxf8 Nd4 44. f7 Kd8 45. Kg8 Ne6 46. Bc4 1-0

[Event "Oakville Winter op"]
[Site "Oakville CAN"]
[Date "2019.01.26"]
[Round "3.1"]
[White "Sambuev, Bator"]
[Black "Vettese, Nicholas"]
[Result "1-0"]
[WhiteElo "2539"]
[BlackElo "2444"]
[PlyCount "101"]
[GameId "2160767907969127"]
[EventDate "2019.01.25"]
[EventType "swiss"]
[EventRounds "5"]
[EventCountry "CAN"]
[SourceTitle "EXT 2022"]
[Source "ChessBase"]
[SourceDate "2021.10.06"]
[SourceVersion "1"]
[SourceVersionDate "2021.10.06"]
[SourceQuality "1"]

1. e4 c5 2. Nc3 a6 3. g3 Nc6 4. Bg2 e6 5. Nge2 Nf6 6. O-O Be7 7. d4 cxd4 8. Nxd4 Qc7 9. Nxc6 dxc6 10. f4 e5 11. Kh1 Bc5 12. Qe2 Bg4 13. Qe1 Be6 14. Na4 Ba7 15. b3 b5 16. Nb2 Ng4 17. Nd3 Bd4 18. c3 Bb6 19. f5 Bd7 20. h3 h5 21. a4 bxa4 22. bxa4 a5 23. Rb1 Bc8 24. Bf3 Ba6 25. Be2 Ne3 26. Bxe3 Bxe3 27. Nb2 Bc8 28. Bc4 Bc5 29. Nd3 Bd6 30. h4 f6 31. Kg2 Kf8 32. Qe3 Qa7 33. Qb6 Qxb6 34. Rxb6 Rb8 35. Rxc6 Ke7 36. Nc5 Bb7 37. Nxb7 Rxb7 38. Rd1 Rd8 39. Bb5 Bc7 40. Re6+ Kf7 41. Rxd8 Bxd8 42. Be8+ Kf8 43. Bxh5 Be7 44. Rc6 Bd8 45. Be2 Rc7 46. Rd6 Ke7 47. Re6+ Kd7 48. Bb5+ Kc8 49. c4 Re7 50. Rd6 Bc7 51. Rd5 1-0

[Event "Oakville Winter op"]
[Site "Oakville CAN"]
[Date "2019.01.27"]
[Round "4.2"]
[White "Vettese, Nicholas"]
[Black "Krnan, Tomas"]
[Result "1/2-1/2"]
[WhiteElo "2444"]
[BlackElo "2507"]
[PlyCount "110"]
[GameId "2160767907969134"]
[EventDate "2019.01.25"]
[EventType "swiss"]
[EventRounds "5"]
[EventCountry "CAN"]
[SourceTitle "EXT 2022"]
[Source "ChessBase"]
[SourceDate "2021.10.06"]
[SourceVersion "1"]
[SourceVersionDate "2021.10.06"]
[SourceQuality "1"]

1. e4 e5 2. Nf3 Nc6 3. d4 exd4 4. Nxd4 Nf6 5. Nxc6 bxc6 6. Qe2 Bc5 7. e5 Nd5 8. c4 Nb6 9. Qg4 Kf8 10. Nc3 d6 11. Qe4 d5 12. Qf4 Be6 13. Be2 Be7 14. O-O Nxc4 15. Bxc4 dxc4 16. Rd1 Qb8 17. Qe4 Qb7 18. Be3 Re8 19. Rd2 h6 20. f4 g6 21. Rf1 Rd8 22. f5 gxf5 23. Rxd8+ Bxd8 24. Qd4 Be7 25. Qd2 Ke8 26. Rd1 c5 27. Bxh6 Rg8 28. Be3 Qc6 29. Kf1 Rg4 30. Bf4 Rg6 31. Qe2 Rg4 32. Qd2 Rg6 33. h3 Bc8 34. Nd5 Bb7 35. Qe2 c3 36. bxc3 Qa4 37. Nxc7+ Kf8 38. g3 Qe4 39. Qh5 Kg8 40. e6 Bf6 41. exf7+ Kxf7 42. Rd7+ Be7 43. Qh7+ Rg7 44. Qh5+ Rg6 45. Bg5 Qb1+ 46. Kf2 Qc2+ 47. Rd2 Qxc3 48. Qh7+ Rg7 49. Qxf5+ Kg8 50. Bf4 Qf3+ 51. Ke1 Qh1+ 52. Ke2 Qf3+ 53. Ke1 Qh1+ 54. Kf2 Qf3+ 55. Ke1 Qh1+ 1/2-1/2

[Event "Oakville Winter op"]
[Site "Oakville CAN"]
[Date "2019.01.27"]
[Round "5.3"]
[White "Chen, Max"]
[Black "Vettese, Nicholas"]
[Result "0-1"]
[WhiteElo "2224"]
[BlackElo "2444"]
[PlyCount "94"]
[GameId "2160767907969140"]
[EventDate "2019.01.25"]
[EventType "swiss"]
[EventRounds "5"]
[EventCountry "CAN"]
[SourceTitle "EXT 2022"]
[Source "ChessBase"]
[SourceDate "2021.10.06"]
[SourceVersion "1"]
[SourceVersionDate "2021.10.06"]
[SourceQuality "1"]

1. e4 c5 2. Nf3 d6 3. Bb5+ Nd7 4. O-O Ngf6 5. Re1 a6 6. Bd3 b5 7. c3 Bb7 8. Bc2 Rc8 9. d3 e5 10. Bg5 Qc7 11. Nbd2 h6 12. Bh4 Be7 13. Rc1 O-O 14. d4 c4 15. Nf1 Rfe8 16. Ne3 Bf8 17. d5 Qb6 18. Qe2 Rc7 19. g4 Rec8 20. a3 a5 21. Kh1 b4 22. Rg1 bxc3 23. bxc3 Qb2 24. Ra1 Qxc3 25. Rgc1 a4 26. g5 hxg5 27. Bxa4 Qd3 28. Qxd3 cxd3 29. Rxc7 Rxc7 30. Nxg5 Nc5 31. Bb5 Nfxe4 32. Nxe4 Nxe4 33. Bxd3 Nc3 34. Bc4 f5 35. Bd8 Rc8 36. Ba5 f4 37. Ng2 Rxc4 38. Rc1 Ra4 39. Bxc3 Rxa3 40. Bb2 Rb3 41. Rc2 Bxd5 42. Rd2 Bb7 43. Kg1 g5 44. Ne1 Be4 45. Re2 Bg6 46. f3 Kf7 47. Kf2 Be7 0-1

[Event "Ontario-ch U20"]
[Site "Mississauga CAN"]
[Date "2019.01.12"]
[Round "1.1"]
[White "Huang, Youhe"]
[Black "Vettese, Nicholas"]
[Result "0-1"]
[WhiteElo "1960"]
[BlackElo "2444"]
[PlyCount "72"]
[GameId "2160767907969378"]
[EventDate "2019.01.12"]
[EventType "swiss"]
[EventRounds "5"]
[EventCountry "CAN"]
[SourceTitle "EXT 2022"]
[Source "ChessBase"]
[SourceDate "2021.10.06"]
[SourceVersion "1"]
[SourceVersionDate "2021.10.06"]
[SourceQuality "1"]

1. e4 c5 2. Nf3 d6 3. d4 cxd4 4. Qxd4 Nc6 5. Bb5 Bd7 6. Bxc6 bxc6 7. Nc3 e5 8. Qd3 Be7 9. O-O Qc7 10. Rd1 Rd8 11. b4 Nf6 12. Bg5 Be6 13. Bxf6 Bxf6 14. b5 O-O 15. bxc6 Qxc6 16. Rac1 Rb8 17. Nd5 Bxd5 18. Qxd5 Rfc8 19. Qxc6 Rxc6 20. Rb1 Rbc8 21. Rb7 Ra6 22. g3 h6 23. Ne1 Rxa2 24. Rd7 a5 25. R7xd6 Be7 26. Rd7 Bb4 27. c3 Rxc3 28. Rd8+ Kh7 29. R8d7 f6 30. Rf7 Rc8 31. Nf3 Kg8 32. Rdd7 Bf8 33. Nh4 Rc1+ 34. Kg2 Rcc2 35. Ng6 Rxf2+ 36. Kh3 h5 0-1

[Event "Ontario-ch U20"]
[Site "Mississauga CAN"]
[Date "2019.01.12"]
[Round "2.1"]
[White "Vettese, Nicholas"]
[Black "Rusonik, Max"]
[Result "1-0"]
[WhiteElo "2444"]
[BlackElo "2046"]
[PlyCount "67"]
[GameId "2160767907969386"]
[EventDate "2019.01.12"]
[EventType "swiss"]
[EventRounds "5"]
[EventCountry "CAN"]
[SourceTitle "EXT 2022"]
[Source "ChessBase"]
[SourceDate "2021.10.06"]
[SourceVersion "1"]
[SourceVersionDate "2021.10.06"]
[SourceQuality "1"]

1. e4 e5 2. Nf3 Nf6 3. Nxe5 d6 4. Nf3 Nxe4 5. d4 d5 6. Bd3 Nc6 7. O-O Bg4 8. Re1 f5 9. c4 Bb4 10. Nc3 O-O 11. cxd5 Bxc3 12. bxc3 Nxc3 13. Qb3 Nxd5 14. Bc4 Na5 15. Bxd5+ Kh8 16. Qb2 Qxd5 17. Re5 Qc6 18. Rxa5 Bxf3 19. Rc5 Qe4 20. gxf3 Qxf3 21. Rc3 Qd1+ 22. Kg2 Qxd4 23. Rg3 Qd7 24. Bf4 c6 25. Rd1 Qf7 26. Be5 Rg8 27. f4 h6 28. Rd6 Kh7 29. h4 Rae8 30. Rdg6 Qxg6 31. Rxg6 Kxg6 32. Qxb7 Rc8 33. Qd7 Rge8 34. h5+ 1-0

[Event "Ontario-ch U20"]
[Site "Mississauga CAN"]
[Date "2019.01.12"]
[Round "3.1"]
[White "Hua, Eugene"]
[Black "Vettese, Nicholas"]
[Result "1-0"]
[WhiteElo "2422"]
[BlackElo "2444"]
[PlyCount "31"]
[GameId "2160767907969394"]
[EventDate "2019.01.12"]
[EventType "swiss"]
[EventRounds "5"]
[EventCountry "CAN"]
[SourceTitle "EXT 2022"]
[Source "ChessBase"]
[SourceDate "2021.10.06"]
[SourceVersion "1"]
[SourceVersionDate "2021.10.06"]
[SourceQuality "1"]

1. e4 d5 2. exd5 Qxd5 3. Nc3 Qa5 4. d4 c6 5. Bd2 Bf5 6. Bc4 Qc7 7. Bxf7+ Kxf7 8. Qf3 Kg6 9. g4 Bc8 10. Qxf8 Bxg4 11. Qe8+ Kf6 12. Ne4+ Kf5 13. Qf7+ Kxe4 14. f3+ Kxd4 15. O-O-O Kc5 16. Qb3 1-0

[Event "Ontario-ch U20"]
[Site "Mississauga CAN"]
[Date "2019.01.13"]
[Round "4.2"]
[White "Vettese, Nicholas"]
[Black "Papneja, Arul"]
[Result "1-0"]
[WhiteElo "2444"]
[BlackElo "1999"]
[PlyCount "79"]
[GameId "2160767907969402"]
[EventDate "2019.01.12"]
[EventType "swiss"]
[EventRounds "5"]
[EventCountry "CAN"]
[SourceTitle "EXT 2022"]
[Source "ChessBase"]
[SourceDate "2021.10.06"]
[SourceVersion "1"]
[SourceVersionDate "2021.10.06"]
[SourceQuality "1"]

1. e4 e6 2. d4 d5 3. Nc3 Nf6 4. Bg5 Be7 5. e5 Nfd7 6. Bxe7 Qxe7 7. f4 a6 8. Nf3 c5 9. Qd2 Nc6 10. dxc5 Qxc5 11. O-O-O b5 12. Ne2 Nb6 13. Ned4 Nxd4 14. Nxd4 Bd7 15. h4 Nc8 16. g4 Ne7 17. Bh3 Nc6 18. Nxc6 Qxc6 19. f5 O-O-O 20. Qg5 g6 21. h5 gxf5 22. gxf5 Rdg8 23. Qe7 exf5 24. Qxf7 Qe6 25. Qxe6 Bxe6 26. Rhg1 Kc7 27. Rdf1 Rxg1 28. Rxg1 Rf8 29. Rg7+ Rf7 30. Rxf7+ Bxf7 31. Bxf5 Bxh5 32. Bxh7 Bf7 33. Kd2 Be6 34. Kc3 Kb6 35. Kd4 Kc6 36. Bg6 Kb6 37. c3 Kc6 38. Bh5 Kb6 39. Bf3 Kc6 40. b3 1-0

[Event "Ontario-ch U20"]
[Site "Mississauga CAN"]
[Date "2019.01.13"]
[Round "5.1"]
[White "Vettese, Nicholas"]
[Black "Demchenko, Svitlana"]
[Result "1-0"]
[WhiteElo "2444"]
[BlackElo "2347"]
[PlyCount "83"]
[GameId "2160767907969409"]
[EventDate "2019.01.12"]
[EventType "swiss"]
[EventRounds "5"]
[EventCountry "CAN"]
[SourceTitle "EXT 2022"]
[Source "ChessBase"]
[SourceDate "2021.10.06"]
[SourceVersion "1"]
[SourceVersionDate "2021.10.06"]
[SourceQuality "1"]

1. e4 c5 2. Nf3 e6 3. d4 cxd4 4. Nxd4 a6 5. c4 Nf6 6. Nc3 Qc7 7. a3 Nc6 8. Be3 Ne5 9. Be2 h5 10. h3 d6 11. f4 Nc6 12. Nf3 Be7 13. Qd3 h4 14. Nd2 Nh5 15. Bxh5 Rxh5 16. O-O Bd7 17. b4 Rc8 18. Na4 b5 19. Nb6 Rb8 20. Nxd7 Qxd7 21. Nb3 a5 22. Nxa5 Nxa5 23. bxa5 bxc4 24. Qxc4 Rxa5 25. Qc3 Ra4 26. Qxg7 Rxe4 27. Rab1 Rc8 28. Qh8+ Bf8 29. Bd4 f5 30. Rfc1 Rxc1+ 31. Rxc1 e5 32. Qh5+ Ke7 33. Qh7+ Ke6 34. Qg6+ Kd5 35. Bb6 Qg7 36. Qxf5 Rxf4 37. Rd1+ Kc6 38. Qc8+ Kxb6 39. Rb1+ Ka7 40. Rb8 Qf7 41. Ra8+ Kb6 42. Ra6+ 1-0

[Event "Toronto Chess to Remember"]
[Site "Toronto CAN"]
[Date "2018.09.23"]
[Round "1"]
[White "Joshi, Nikhil"]
[Black "Vettese, Nicholas"]
[Result "0-1"]
[WhiteElo "2088"]
[BlackElo "2231"]
[PlyCount "92"]
[GameId "2160767740412023"]
[EventDate "2018.09.23"]
[EventType "swiss (rapid)"]
[EventRounds "5"]
[EventCountry "CAN"]
[WhiteClock "0:00:10"]
[BlackClock "0:02:02"]

1. d4 Nf6 2. c4 g6 3. Nc3 d5 4. cxd5 Nxd5 5. Na4 Bg7 6. e4 Nb4 7. a3 N4c6 8. d5 Ne5 9. Be2 O-O 10. f4 Ned7 11. Nf3 Nf6 12. Nc3 c6 13. O-O cxd5 14. e5 Ng4 15. Qxd5 Nc6 16. Qxd8 Rxd8 17. h3 Nh6 18. g4 Be6 19. Be3 f6 20. exf6 exf6 21. Rad1 f5 22. g5 Nf7 23. Rxd8+ Rxd8 24. Rd1 Rxd1+ 25. Bxd1 Nd6 26. Na4 Kf7 27. b3 b6 28. Bc1 Ne4 29. Bc2 b5 30. Nb2 Nc3 31. Kf2 Na2 32. Nd3 Nxc1 33. Nxc1 Bb2 34. Nd3 Bxa3 35. Ke2 Ke7 36. Nde5 Nb4 37. Kd2 Nxc2 38. Kxc2 Bc5 39. Nc6+ Kd6 40. Ncd4 a6 41. Nxe6 Kxe6 42. Kd3 Bd6 43. Ke3 Kd5 44. Ne1 a5 45. Nd3 a4 46. bxa4 bxa4 0-1